Normal view
MARC view
- Périodique électronique (Descripteur de forme)
Entry Genre/Form Term
001 - CONTROL NUMBER
- control field: 13876
003 - CONTROL NUMBER IDENTIFIER
- control field: NUST
005 - DATE AND TIME OF LATEST TRANSACTION
- control field: 20190319093426.0
008 - FIXED-LENGTH DATA ELEMENTS
- fixed length control field: 190319|| aca||aabn | a|a d
040 ## - CATALOGING SOURCE
- Original cataloging agency: NUST
- Transcribing agency: NUST
155 ## - HEADING--GENRE/FORM TERM
- Genre/form term: Périodique électronique (Descripteur de forme)
670 ## - SOURCE DATA FOUND
- Source citation: Work cat.: (NUST)0: South Asian journal of management :
